| 000 | 00352nam a2200133Ia 4500 | ||
|---|---|---|---|
| 008 | 191201s2003 xx 000 0 und d | ||
| 082 |
_a677.022 _bPRS |
||
| 100 | _aPRAKASH, K | ||
| 245 | 0 | _aStained Glass and Textile Designs from India | |
| 260 |
_aN.Delhi _bEnglish Felition Publishers _c2003 |
||
| 300 | _a52 | ||
| 650 | _aB.Tech(TE) | ||
| 942 |
_2ddc _cBK |
||
| 999 |
_c2301 _d2301 |
||